Top 10 Youngest QBs to start a Superbowl - Statistics

General Stats
  • This quiz has been taken 15 times
  • The average score is 5 of 10
Answer Stats
Age Player % Correct
24 Tom Brady
93%
24 Patrick Mahomes
79%
23 Ben Roethlisberger
64%
25 Joe Burrow
57%
25 Russell Wilson
50%
24 Jared Goff
43%
23 Dan Marino
36%
24 Drew Bledsoe
36%
25 Colin Kaepernick
21%
24 David Woodley
7%
No matching quizzes found
Score Distribution
Percent of People with Each Score
Percentile by Number Answered
Your Score History
You have not taken this quiz